00000000nam##2200000za#4500
0019.700191
003CaOODSP
00520210625000725
007cr |||||||||||
008150407|1993||||xxc|||||o    f|0| 0 eng|d
040 |aCaOODSP|beng
043 |an-cn---
0861 |aPS4-193/1993E-PDF
1101 |aCanada.|bEmergency Preparedness Canada.
24510|aEPC Disaster Database developed from CRED Disaster Database |h[electronic resource]
260 |aOttawa - Ontario : |bEmergency Preparedness Canada |c[January 15, 1993].
300 |a78p.|btables
546 |a(En anglais avec title et texte préliminaire en français.)
590 |a14-22-Supp|b2014-12-24
69007|aDatabases|2gcpds
69007|aDisasters|2gcpds
77508|tBase de données des désastres de PCC issue de la base de données des désastres du CRED |w(CaOODSP)9.644099
85640|ahttp://publications.gc.ca|qPDF|s1.57 MB|uhttps://publications.gc.ca/collections/collection_2014/sp-ps/PS4-193-1993-eng.pdf